[Event "52nd Biel Festival Blitz 2019"]
[Site "Biel"]
[Date "2019.07.27"]
[Round "9.2"]
[White "Abdusattorov, Nodirbek"]
[Black "Vidit, Santosh Gujrathi"]
[Result "1-0"]
[WhiteElo "2598"]
[BlackElo "2703"]
[Annotator "TA"]
[PlyCount "169"]
[EventDate "2019.07.27"]
[EventType "tourn"]
[EventCountry "SUI"]
[SourceTitle "playchess.com"]
[Source "ChessBase"]
[SourceQuality "1"]

{[%evp 14,169,37,10,17,-8,-6,1,5,1,1,1,0,0,0,0,0,0,0,0,9,0,0,-10,-3,-23,0,-24,2,-33,-7,-30,-20,-20,-18,-35,-10,-28,-26,-52,-23,-139,-139,-137,-136,-143,-139,-135,-135,-135,-135,-135,-137,-161,-164,-149,-141,-209,-212,-213,-232,-286,-286,-283,-279,-328,0,0,0,0,0,0,40,54,47,33,41,28,82,53,206,194,177,230,281,270,337,334,384,372,376,333,384,377,774,776,991,991,854,731,1078,970,858,854,1332,977,1043,995,12807,12814,29937,29941,5700,3136,29963,29965,29963,29963,29964,29955,29960,29959,29963,29963,29966,29960,29958,29961,29959,29962,29963,29964,29958,29963,29958,29958,29966,29967,29975,29976,29976,29976,29976,29977,29979,29980,29980,29981,29981,29982,29981,29977,29976,29973,29982,29983,29986,29987]} 1. d4 Nf6 2. c4 e6 3. Nf3 ({Predecessor:} 3. Nc3 Bb4 4. Qc2 O-O 5. a3 Bxc3+ 6. Qxc3 d5 7. Bg5 h6 8. Bxf6 Qxf6 9. e3 c5 {½-½ (26) Margvelashvili,G (2547)-Arnold,M (2502) Saint Louis 2012}) 3... d5 4. Nc3 Bb4 5. Bg5 h6 6. Bxf6 Qxf6 7. e3 O-O 8. Qb3 c5 $1 {D38: Queen's Gambit Declined: Ragozin Defence (4 Nf3 Bb4)} 9. a3 $146 (9. cxd5 exd5 10. dxc5 Bxc3+ 11. Qxc3 Qxc3+ 12. bxc3 Nd7 13. Rd1 Nxc5 14. Rxd5 b6 15. Rd4 Ne6 16. Rd6 Bb7 17. Nd4 Nxd4 18. Rxd4 Rac8 19. Kd2 Rc5 20. Rg1 Rfc8 21. Bd3 Kf8 {1-0 (60) Li,C (2735)-Harikrishna,P (2737) Geneva 2017}) 9... Bxc3+ 10. Qxc3 cxd4 {The position is equal.} 11. Qxd4 Qxd4 12. Nxd4 dxc4 13. Bxc4 Bd7 14. Ke2 Rc8 15. Bd3 Nc6 16. Nf3 Kf8 17. b4 Rc7 18. Rhd1 Rac8 19. Rd2 Ke7 20. Rad1 Be8 21. g4 a6 22. h4 Na7 23. Nd4 $1 Rc3 24. Ra1 Ba4 25. Be4 R8c7 26. Rd3 {White wants to play Rxc3.} Nb5 27. Kd2 (27. Rxc3 $11 Nxc3+ 28. Kd3) 27... Nd6 $17 28. Bf3 Rxd3+ 29. Kxd3 e5 $1 $36 {[%cal Re5d4][%mdl 2048] Keeping White busy.} 30. Nf5+ Nxf5 31. gxf5 {[%mdl 4096] Endgame KRB-KRB} Bc2+ 32. Kd2 {Hoping for Rc1.} Bxf5 33. a4 Rc2+ 34. Ke1 Bc8 35. a5 (35. Rb1 $17 {was worth a try.}) 35... Rc4 $19 {[%mdl 64] Double Attack} 36. Rb1 Rxh4 37. b5 Ra4 38. Rc1 Bd7 ({Not} 38... Rxa5 39. Rxc8 Rxb5 40. Rc7+ Kd6 41. Rxf7 $14) 39. Rc7 Rxa5 $2 (39... axb5 $19 {Threatens to win with ...Kd6.} 40. Rxb7 Kd6) 40. Bg4 $1 $11 Rxb5 {And now ...Rd5 would win.} 41. Rxd7+ {KRB-KR} Kf6 42. Bf3 b6 43. Bd5 a5 44. Rxf7+ Kg6 45. Rd7 h5 (45... a4 $11) 46. Ke2 Rb4 $2 (46... a4 $1 $14) 47. Kf3 $18 a4 48. Ra7 (48. Bc6 $142) 48... Kf6 {[#]} 49. Bc6 $1 b5 50. Ra5 g5 51. Bxb5 a3 52. Bc6 g4+ 53. Kg3 Rb3 $2 (53... Rb2 54. Rxa3 Kg5 55. f4+ gxf3 56. Kxf3 Rb6) 54. Be4 Rb4 55. Ra6+ Ke7 56. Bd5 Rb5 57. e4 Rb1 58. Rxa3 Rh1 59. Kg2 Rd1 60. Ra6 h4 61. Rg6 h3+ 62. Kh2 Rd2 63. Rxg4 Rxf2+ 64. Kxh3 {White mates.} Kd6 65. Rg5 Rf8 66. Kg3 Rf1 67. Kg4 Rf4+ {[#]} 68. Kh5 $1 Rf8 69. Kg6 Rf1 70. Rf5 Rh1 71. Rf6+ Kc5 72. Kf5 Kd4 73. Ke6 Ra1 74. Rf2 Ra6+ 75. Kf5 Ra1 76. Rd2+ Ke3 77. Rc2 Kd3 78. Rc6 Rh1 79. Kxe5 Rh5+ 80. Kd6 Rh6+ 81. Kc5 Rh5 82. Ra6 Ke3 83. Ra1 Rh7 84. e5 Kf4 85. e6 {Accuracy: White = 57%, Black = 42%.} 1-0

[Event "52nd Biel Festival Blitz 2019"]
[Site "Biel"]
[Date "2019.07.27"]
[Round "10.1"]
[White "Shankland, Sam"]
[Black "Cori, Jorge"]
[Result "1-0"]
[WhiteElo "2713"]
[BlackElo "2686"]
[Annotator "TA"]
[PlyCount "61"]
[EventDate "2019.07.27"]
[EventType "tourn"]
[EventCountry "SUI"]
[SourceTitle "playchess.com"]
[Source "ChessBase"]
[SourceQuality "1"]

{[%evp 16,81,8,19,15,6,6,8,4,16,17,0,48,56,116,105,181,206,294,55,248,270,270,197,509,513,750,725,2187,1154,2598,722,985,1019,887,229,720,640,631,615,626,595,1194,1170,1033,934,2525,1550,2197,2064,5114,1079,1026,949,29971,5277,29977,29976,1784,1635,2162,1729,2128,2070,2072,1880,1948,1673]} 1. e4 e6 2. d4 d5 3. Nc3 Nf6 4. e5 Nfd7 5. f4 c5 6. Nf3 Nc6 7. Be3 Be7 8. Qd2 O-O 9. dxc5 Nxc5 {C11: French: Classical System: 4 e5 and 4 Bg5 dxe4} 10. O-O-O a6 11. h4 Qc7 {The position is equal.} 12. Bd3 $146 ({Predecessor:} 12. Bxc5 Bxc5 13. Bd3 f5 14. exf6 Rxf6 15. g3 h6 16. Qe2 Bd7 17. h5 {1-0 (55) Harikrishna,P (2762)-Shirov,A (2679) Austria 2016}) 12... Nb4 13. Kb1 Nbxd3 14. cxd3 Bd7 (14... b6 $14) 15. Rc1 $1 $16 {Threatens to win with d4.} Qb6 (15... b6 $16) 16. f5 $1 $18 Rfc8 {[#]} 17. Bg5 $2 (17. f6 $1 $18 {[%mdl 512]}) 17... Qd8 $2 (17... d4 $1 $14 18. Nxd4 (18. Bxe7 dxc3 19. Rxc3 exf5 $14) 18... Na4) 18. f6 $1 {[%cal Rf6e7]} gxf6 19. exf6 Bd6 $2 (19... Bxf6 {is tougher.} 20. Ne5 Be8) 20. Bf4 Bf8 21. Be5 Bb5 22. Nxb5 axb5 23. Rh3 (23. Qg5+ $142 Kh8 24. Qh5 $1 {[%mdl 512]} (24. Qd2 Nd7 $14)) 23... h6 24. Rg3+ Kh8 {[#]} 25. Bf4 $2 (25. Ng5 $1 {[%mdl 512]} Qd7 (25... hxg5 26. Qxg5) 26. Qd1) 25... Qa5 $2 (25... Nd7) 26. Qxa5 Rxa5 27. d4 Ra4 28. b3 Rxa2 29. Kxa2 Ra8+ 30. Kb1 Nd3 31. Rc7 {Played: Nf3-e5} 1-0

[Event "52nd Biel Festival Blitz 2019"]
[Site "Biel"]
[Date "2019.07.27"]
[Round "10.2"]
[White "Bogner, Sebastian"]
[Black "Georgiadis, Nico"]
[Result "0-1"]
[WhiteElo "2584"]
[BlackElo "2514"]
[Annotator "ChessBase"]
[PlyCount "106"]
[EventDate "2019.07.27"]
[EventType "tourn"]
[EventCountry "SUI"]
[SourceTitle "playchess.com"]
[Source "ChessBase"]
[SourceQuality "1"]
[TimeControl "180+2"]

1. Nf3 {[%emt 0:00:00]} Nf6 {[%emt 0:00:00]} 2. c4 {[%emt 0:00:00]} g6 {[%emt 0:00:03]} 3. d4 {[%emt 0:00:03]} c5 {[%emt 0:00:01]} 4. d5 {[%emt 0:00:02]} b5 {[%emt 0:00:01]} 5. Qc2 {[%emt 0:00:03]} Na6 {[%emt 0:00:14]} 6. a3 {[%emt 0:00:01]} bxc4 {[%emt 0:00:01]} 7. e4 {[%emt 0:00:02]} Bg7 {[%emt 0:00:04]} 8. Bxc4 {[%emt 0:00:03]} Nc7 {[%emt 0:00:04]} 9. O-O {[%emt 0:00:06]} O-O {[%emt 0:00:04]} 10. Nc3 {[%emt 0:00:02]} d6 {[%emt 0:00:05]} 11. h3 {[%emt 0:00:04]} Ba6 {[%emt 0:00:04]} 12. Bxa6 {[%emt 0:00:11]} Nxa6 {[%emt 0:00:01]} 13. Nd2 {[%emt 0:00:03]} Nd7 {[%emt 0:00:09]} 14. Nc4 {[%emt 0:00:04]} Nb6 {[%emt 0:00:32]} 15. b3 {[%emt 0:00:44]} Nc7 {[%emt 0:00:09]} 16. Bd2 {[%emt 0:00:08]} Qd7 {[%emt 0:00:17]} 17. Rab1 {[%emt 0:00:06]} f5 {[%emt 0:00:05]} 18. f3 {[%emt 0:00:12]} e6 {[%emt 0:00:09]} 19. dxe6 {[%emt 0:00:03]} Nxe6 {[%emt 0:00:02]} 20. Nxb6 {[%emt 0:00:05]} axb6 {[%emt 0:00:03]} 21. a4 {[%emt 0:00:03]} Nd4 {[%emt 0:00:01]} 22. Qd3 {[%emt 0:00:01]} fxe4 {[%emt 0:00:07]} 23. fxe4 {[%emt 0:00:03]} Qe6 {[%emt 0:00:03]} 24. Nd5 {[%emt 0:00:03]} Rab8 {[%emt 0:00:16]} 25. Bc3 {[%emt 0:00:10]} Rxf1+ {[%emt 0:00:05]} 26. Rxf1 {[%emt 0:00:00]} b5 {[%emt 0:00:16]} 27. axb5 {[%emt 0:00:05]} Rxb5 {[%emt 0:00:01]} 28. Nc7 {[%emt 0:00:05]} Qxb3 {[%emt 0:00:07]} 29. Nxb5 {[%emt 0:00:02]} Nxb5 {[%emt 0:00:06]} 30. Rb1 {[%emt 0:00:18]} Qxc3 {[%emt 0:00:22]} 31. Qd5+ {[%emt 0:00:04]} Kf8 {[%emt 0:00:08]} 32. Rf1+ {[%emt 0:00:06]} Bf6 {[%emt 0:00:01]} 33. Qa8+ {[%emt 0:00:11]} Kg7 {[%emt 0:00:04]} 34. Qb7+ {[%emt 0:00:01]} Kh6 {[%emt 0:00:05]} 35. Qxb5 {[%emt 0:00:01]} Qe3+ {[%emt 0:00:03]} 36. Kh1 {[%emt 0:00:00]} Be5 {[%emt 0:00:00]} 37. Rf3 {[%emt 0:00:34]} Qxe4 {[%emt 0:00:04]} 38. Qf1 {[%emt 0:00:06]} c4 {[%emt 0:00:02]} 39. h4 {[%emt 0:00:07]} c3 {[%emt 0:00:04]} 40. Qc1+ {[%emt 0:00:02]} Kg7 {[%emt 0:00:03]} 41. h5 {[%emt 0:00:07]} c2 {[%emt 0:00:12]} 42. h6+ {[%emt 0:00:01]} Kg8 {[%emt 0:00:01]} 43. Qf1 {[%emt 0:00:01]} Qa8 {[%emt 0:00:03]} 44. Qc4+ {[%emt 0:00:02]} Kh8 {[%emt 0:00:01]} 45. Qf1 {[%emt 0:00:05]} Kg8 {[%emt 0:00:02]} 46. Qc4+ {[%emt 0:00:00]} Kh8 {[%emt 0:00:03]} 47. Qf1 {[%emt 0:00:01]} Kg8 {[%emt 0:00:00]} 48. Qc4+ {[%emt 0:00:00]} d5 {[%emt 0:00:03]} 49. Qf1 {[%emt 0:00:05]} d4 {[%emt 0:00:02]} 50. g3 {[%emt 0:00:03]} c1=Q {[%emt 0:00:05]} 51. Qxc1 {[%emt 0:00:09]} Qxf3+ {[%emt 0:00:00]} 52. Kg1 {[%emt 0:00:00]} Qxg3+ {[%emt 0:00:01]} 53. Kf1 Qf4+ {[%emt 0:00:00]} 0-1

[Event "52nd Biel Festival Blitz 2019"]
[Site "Biel"]
[Date "2019.07.27"]
[Round "10.4"]
[White "Vidit, Santosh Gujrathi"]
[Black "Maghsoodloo, Parham"]
[Result "1-0"]
[WhiteElo "2703"]
[BlackElo "2656"]
[Annotator "ChessBase"]
[PlyCount "97"]
[EventDate "2019.07.27"]
[EventType "tourn"]
[EventCountry "SUI"]
[SourceTitle "playchess.com"]
[Source "ChessBase"]
[SourceQuality "1"]
[TimeControl "180+2"]

1. d4 {[%emt 0:00:00]} g6 {[%emt 0:00:00]} 2. e4 {[%emt 0:00:02]} Bg7 {[%emt 0:00:01]} 3. Nc3 {[%emt 0:00:01]} d6 {[%emt 0:00:02]} 4. Be3 {[%emt 0:00:02]} a6 {[%emt 0:00:02]} 5. Qd2 {[%emt 0:00:04]} Nd7 {[%emt 0:00:07]} 6. h4 {[%emt 0:00:05]} h5 {[%emt 0:00:01]} 7. Nh3 {[%emt 0:00:02]} Ngf6 {[%emt 0:00:02]} 8. f3 {[%emt 0:00:02]} b5 {[%emt 0:00:07]} 9. Ng5 {[%emt 0:00:05]} Bb7 {[%emt 0:00:10]} 10. O-O-O {[%emt 0:00:11]} e6 {[%emt 0:00:05]} 11. a3 {[%emt 0:00:14]} Qe7 {[%emt 0:00:09]} 12. Kb1 {[%emt 0:00:09]} c5 {[%emt 0:00:04]} 13. dxc5 {[%emt 0:00:22]} dxc5 {[%emt 0:00:01]} 14. Qd6 {[%emt 0:00:08]} Qxd6 {[%emt 0:00:21]} 15. Rxd6 {[%emt 0:00:01]} Bf8 {[%emt 0:00:11]} 16. Rd2 {[%emt 0:00:04]} c4 {[%emt 0:00:01]} 17. Be2 {[%emt 0:00:11]} Bc5 {[%emt 0:00:07]} 18. Bxc5 {[%emt 0:00:03]} Nxc5 {[%emt 0:00:01]} 19. a4 {[%emt 0:00:19]} Bc6 {[%emt 0:00:05]} 20. Rd6 {[%emt 0:00:12]} Rc8 {[%emt 0:00:05]} 21. axb5 {[%emt 0:00:16]} axb5 {[%emt 0:00:02]} 22. Rhd1 {[%emt 0:00:06]} Ke7 {[%emt 0:00:06]} 23. g3 {[%emt 0:00:05]} Rc7 {[%emt 0:00:20]} 24. Na2 {[%emt 0:00:07]} Ra8 {[%emt 0:00:05]} 25. Nb4 {[%emt 0:00:07]} Be8 {[%emt 0:00:07]} 26. e5 {[%emt 0:00:17]} Nfd7 {[%emt 0:00:02]} 27. f4 {[%emt 0:00:02]} Ra4 {[%emt 0:00:09]} 28. c3 {[%emt 0:00:03]} Nb3 {[%emt 0:00:01]} 29. Kc2 {[%emt 0:00:06]} Ndc5 {[%emt 0:00:03]} 30. Bf3 {[%emt 0:00:04]} Ra1 {[%emt 0:00:27]} 31. Rxa1 {[%emt 0:00:03]} Nxa1+ {[%emt 0:00:01]} 32. Kd2 {[%emt 0:00:12]} Nab3+ {[%emt 0:00:01]} 33. Ke3 {[%emt 0:00:01]} Na4 {[%emt 0:00:01]} 34. Bc6 {[%emt 0:00:05]} Nxb2 {[%emt 0:00:05]} 35. Bxe8 {[%emt 0:00:06]} Kxe8 {[%emt 0:00:02]} 36. Nh7 {[%emt 0:00:02]} Rc8 {[%emt 0:00:08]} 37. Nf6+ {[%emt 0:00:02]} Kf8 {[%emt 0:00:01]} 38. Nc6 {[%emt 0:00:03]} Na4 {[%emt 0:00:13]} 39. Na7 {[%emt 0:00:04]} Ra8 {[%emt 0:00:13]} 40. Nxb5 {[%emt 0:00:02]} Kg7 {[%emt 0:00:03]} 41. Rd7 {[%emt 0:00:03]} Nbc5 {[%emt 0:00:14]} 42. Rc7 {[%emt 0:00:01]} Na6 {[%emt 0:00:14]} 43. Rxc4 {[%emt 0:00:02]} N6c5 {[%emt 0:00:00]} 44. Nd6 {[%emt 0:00:03]} Rd8 {[%emt 0:00:03]} 45. Rb4 {[%emt 0:00:05]} Nxc3 {[%emt 0:00:01]} 46. Kd4 {[%emt 0:00:04]} N5a4 {[%emt 0:00:05]} 47. Rb7 {[%emt 0:00:01]} Ne2+ {[%emt 0:00:01]} 48. Ke3 {[%emt 0:00:01]} Nxg3 {[%emt 0:00:02]} 49. Rxf7+ {[%emt 0:00:02]} 1-0

[Event "52nd Biel Festival Blitz 2019"]
[Site "Biel"]
[Date "2019.07.27"]
[Round "11.1"]
[White "Vidit, Santosh Gujrathi"]
[Black "Shankland, Sam"]
[Result "0-1"]
[WhiteElo "2703"]
[BlackElo "2713"]
[Annotator "TA"]
[PlyCount "74"]
[EventDate "2019.07.27"]
[EventType "tourn"]
[EventCountry "SUI"]
[SourceTitle "playchess.com"]
[Source "ChessBase"]
[SourceQuality "1"]

{[%evp 10,124,7,8,39,17,20,20,60,52,65,57,58,57,64,61,64,47,51,46,45,45,56,71,62,54,93,103,106,35,41,39,39,6,8,29,28,0,0,0,7,0,0,0,0,0,0,0,0,3,10,0,0,0,0,0,0,0,0,0,0,-352,-112,-377,-270,-312,-183,-183,-183,-183,-183,-183,-183,-197,-133,-146,-104,-104,-104,-104,-104,-104,-104,-104,-104,-104,-104,-177,-104,-104,-104,-104,-104,-104,0,-104,-104,-104,-57,-405,-381,-1781,-329,-1772,-1512,-4869,-4782,-2978,-2853,-2143,-1248,-2483,-2453,-1611,-1495,-29970,-29968]} 1. d4 d5 2. Nf3 Nf6 3. c4 c6 4. Qb3 e6 5. Bg5 dxc4 6. Qxc4 Qa5+ {D30: Queen's Gambit Declined: Systems without Nc3} (6... b5 7. Qc2 Bb7 8. g3 Nbd7 9. Bg2 c5 10. dxc5 Bxc5 11. O-O Rc8 12. Qb3 a6 13. a4 b4 14. Nbd2 {1-0 (32) Lalith,B (2587)-Zhigalko,S (2671) Doha 2016}) 7. Bd2 Qc7 $146 ({Predecessor:} 7... Qd5 8. Qc2 Qe4 9. Qc1 Nd5 10. Nc3 Nxc3 11. Bxc3 Na6 12. Qd2 Be7 13. e3 O-O 14. Bd3 {1-0 (46) Gilevich,A (2429)-Brizzi,M (2081) Cesenatico 2017}) 8. Nc3 Nbd7 {The position is equal.} 9. e4 a6 10. e5 b5 11. Qb3 b4 12. Na4 Nd5 13. Rc1 Be7 14. Bd3 a5 15. O-O Ba6 16. Bxa6 Rxa6 17. Bg5 O-O 18. Bxe7 Nxe7 {[#]} 19. Rc4 (19. Ng5 $1 $16 Raa8 20. Qc2) 19... Nb6 20. Nxb6 Qxb6 21. Rfc1 Rd8 22. Qd3 {And now Ng5 would win.} h6 23. Rc5 Ra7 {[%cal Ba6a7,Ba7d7,Bd7d5][%mdl 32]} 24. R1c4 Rad7 25. h3 Rd5 26. Qc2 Qa7 27. Qa4 Qb6 28. Qc2 Qa7 29. Rxd5 Rxd5 30. Rc5 Nf5 31. Rxc6 g5 $1 32. Qa4 {Hoping for Rc8+.} Qd7 {aiming for ...Ne7.} 33. Qc2 Nxd4 34. Nxd4 Rxd4 $11 {[%mdl 4096] Endgame KQR-KQR} 35. Rc7 $2 {[%mdl 8192]} (35. Rc8+ $11 {and White stays safe.} Kg7 36. Qc5) 35... Qd5 $2 (35... Rd1+ $19 36. Kh2 Qd4) 36. Qe2 $2 {[%mdl 8192]} (36. Qc5 $17) 36... Kg7 37. Ra7 {[#]} Qxa2 {Played: Rd4-e4} 0-1

[Event "52nd Biel Festival Blitz 2019"]
[Site "Biel"]
[Date "2019.07.27"]
[Round "12.1"]
[White "Shankland, Sam"]
[Black "Georgiadis, Nico"]
[Result "1-0"]
[WhiteElo "2713"]
[BlackElo "2514"]
[Annotator "TA"]
[PlyCount "69"]
[EventDate "2019.07.27"]
[EventType "tourn"]
[EventCountry "SUI"]
[SourceTitle "playchess.com"]
[Source "ChessBase"]
[SourceQuality "1"]

{[%evp 12,71,0,-6,8,6,9,0,7,-2,6,-10,-24,-20,13,13,14,14,33,26,53,64,68,21,26,35,22,27,24,21,53,71,117,109,291,282,269,90,73,44,61,33,224,241,229,230,398,416,1090,292,349,372,318,220,823,837,835,831,821,814,960,927]} 1. Nf3 Nf6 2. c4 g6 3. b3 Bg7 4. Bb2 d6 5. e3 O-O 6. Be2 e5 7. O-O e4 {A15: English Opening: 1...Nf6} (7... Nbd7 8. d4 e4 9. Nfd2 c6 10. Nc3 Re8 11. b4 d5 12. a4 h5 13. b5 Nf8 14. a5 a6 15. bxc6 bxc6 16. Na4 {1-0 (37) Anton Guijarro,D (2650)-Amonatov,F (2620) Doha 2016}) 8. Ne1 c6 9. d3 d5 {The position is equal.} 10. Nc3 $146 ({Predecessor:} 10. Nd2 Re8 11. cxd5 cxd5 12. dxe4 dxe4 13. Nc4 Nc6 14. Nc2 Be6 15. Rc1 Bxc4 16. Bxc4 a6 17. f4 {½-½ (17) Aguilo Benejam,A-Sanchez de Ybargueen Guti,L (2087) ICCF email 2005}) 10... exd3 11. Nxd3 dxc4 12. bxc4 Be6 13. Nc5 Bc8 14. Qb3 b6 15. Rad1 Qc7 16. N5e4 $36 {[%mdl 2048] White is pushing.} Nbd7 17. Bf3 Ne5 18. Nxf6+ Bxf6 19. Ne4 Bg7 20. Be2 Bf5 21. Nd6 Be6 22. f4 Ng4 $2 (22... Nd7 $16 {is a better defense.}) 23. Bxg7 Kxg7 24. Qc3+ $2 (24. f5 $1 $18 {[%cal Rf5e6] and the rest is easy.} Nxh2 25. Kxh2 Bxf5 26. Qc3+ f6 27. g3) 24... f6 $16 25. Rd2 Rad8 26. Rfd1 Rd7 $2 {[#]} (26... Nh6 $1 $14) 27. e4 $1 $18 Rfd8 {[%cal Rd7d6]} 28. e5 {Strongly threatening Bxg4.} fxe5 $2 (28... Nh6 {might work better.} 29. c5 (29. exf6+ Kf8 $16) 29... bxc5) 29. fxe5 Nh6 {[#]} (29... Kg8 $142 30. c5 h5) 30. Rf1 $2 ({Less strong is} 30. Qf3 Rf8 $16) (30. Ne8+ $1 {[%mdl 512]} Rxe8 31. Rxd7+ Qxd7 32. Rxd7+ Bxd7 33. e6+ {[%mdl 64] Discovered Attack} Kg8 34. exd7) 30... Kg8 31. Rf6 Re7 32. c5 {aiming for Rxe6!} bxc5 $2 {[#]} (32... Bd5 33. Bf3 Bxf3 34. Rxf3 Nf7) 33. Rxe6 $1 {[%mdl 512] White is clearly winning.} Rxe6 34. Bc4 Qe7 35. Qb3 {Played: Qc3-h3} 1-0

[Event "52nd Biel Festival Blitz 2019"]
[Site "Biel"]
[Date "2019.07.27"]
[Round "13.1"]
[White "Leko, Peter"]
[Black "Shankland, Sam"]
[Result "0-1"]
[WhiteElo "2674"]
[BlackElo "2713"]
[Annotator "TA"]
[PlyCount "71"]
[EventDate "2019.07.27"]
[EventType "tourn"]
[EventCountry "SUI"]
[SourceTitle "playchess.com"]
[Source "ChessBase"]
[SourceQuality "1"]

{[%evp 11,71,37,50,21,42,39,70,35,7,0,42,50,47,67,43,13,33,28,39,-103,32,-38,-26,-45,0,-88,-89,-101,-10,-96,-93,-198,-161,-229,-208,-266,-204,-298,-64,-314,-306,-326,-210,-191,-170,-378,-380,-304,-37,-15,760,723,29969,29966,29994,29995,29997,4702,2140,2018,1266,-29994]} 1. e4 c5 2. Nf3 e6 3. d4 cxd4 4. Nxd4 Nc6 5. Nc3 Qc7 6. Be3 a6 7. Qf3 {B48: Sicilian: Taimanov: 5 Nc3 Qc7 6 Be3 a6 without Be2} (7. Bd3 Nf6 8. O-O Nxd4 9. Bxd4 Bc5 10. Bxc5 Qxc5 11. Na4 Qc7 12. c4 d6 13. Nc3 O-O 14. Be2 Rd8 15. Qd4 e5 16. Qe3 Be6 17. b3 Qc5 18. Qd3 Rac8 19. Rac1 {½-½ (35) Jakovenko,D (2719)-Harikrishna,P (2723) Shenzhen 2019}) 7... Ne5 8. Qg3 h5 9. O-O-O $146 {Ndb5! is the strong threat.White is slightly better.} (9. Bf4 $5 {[%cal Rf4e5]} d6 10. Bg5 $14) ({Predecessor:} 9. f4 Nc4 10. Bxc4 Qxc4 11. O-O-O h4 12. Qh3 {0-1 (32) Abdumalik,Z (2420)-Fier,A (2569) Saint Louis 2017}) 9... h4 10. Qh3 $1 b5 11. f4 Nc4 12. Bxc4 $1 Qxc4 13. Kb1 Bb7 14. Rhe1 Rc8 15. Nb3 (15. Bc1 $14 {stays ahead.}) 15... Qc7 (15... b4 $1 $17 {[%cal Rb4c3]} 16. Nd2 Qc7) 16. Rd2 (16. Bd4 $14) 16... Nf6 $1 $15 (16... b4 17. Nd5 $14) 17. e5 b4 18. exf6 (18. Na4 $11 Ne4 19. Rde2) 18... bxc3 $17 19. Rde2 cxb2 (19... g6 $17 {Hoping for ...cxb2.} 20. Bd4 cxb2) 20. Bd4 (20. fxg7 $1 $11 {remains equal.} Bxg7 21. f5) 20... g6 $36 {[%mdl 2048] Keeping White busy.} 21. c3 (21. Be5 $17 {might work better.} Qb6 22. Bxb2) 21... Bd5 22. Re5 (22. Be5 {was worth a try.} Qb7 23. Kxb2) 22... Qc6 $19 23. g4 {[#]} a5 $1 {[%mdl 512]} 24. f5 (24. Qd3 $142) (24. Nxa5 Bxa2+) 24... a4 $2 (24... gxf5 $19 25. gxf5 Bd6 26. fxe6 dxe6 27. Rxd5 Qxd5) 25. Nd2 $2 ({Only move:} 25. Na5 $1 $15 Qb5 26. fxg6 fxg6 27. f7+ Kxf7 28. Rxd5 $1 {[%mdl 512]} Qxd5 29. Bxh8) 25... gxf5 26. gxf5 Rg8 27. fxe6 dxe6 28. Qxh4 $2 (28. Qf5 {was forced.} Ba3 29. Rxd5) 28... Rg2 29. Qh5 {Threatens to win with Rxd5.} Rxd2 $2 (29... Qa6 $19 30. Qh3 Qb5) 30. Rxd5 $1 $15 {[#] Strongly threatening Rde5!} a3 $2 {[%mdl 8192] [#]} (30... Rxh2 $1 $11 {[%mdl 512]} 31. Qxh2 Qxd5 32. Kxb2 Bd6) 31. Rde5 $1 $18 {[%mdl 512] Rxe6+ would kill now.} Kd8 32. Qxf7 {[%mdl 64] Double Attack} Bd6 33. Rxe6 Qd7 34. Re8+ (34. Bb6+ $142 Bc7 35. Qg8+ Qe8 36. Qxe8#) 34... Kc7 35. Qc4+ Kb8 36. Qb5+ $4 {[%mdl 8192] Accuracy: White = 23%, Black = 31%.} (36. Rxc8+ $18 Qxc8 37. Qd5 Rxd4 38. cxd4) 0-1

[Event "52nd Biel Festival Blitz 2019"]
[Site "Biel"]
[Date "2019.07.27"]
[Round "13.2"]
[White "Vidit, Santosh Gujrathi"]
[Black "Bogner, Sebastian"]
[Result "1-0"]
[WhiteElo "2703"]
[BlackElo "2584"]
[Annotator "TA"]
[PlyCount "79"]
[EventDate "2019.07.27"]
[EventType "tourn"]
[EventCountry "SUI"]
[SourceTitle "playchess.com"]
[Source "ChessBase"]
[SourceQuality "1"]

{[%evp 19,79,37,31,31,51,47,44,14,26,15,19,0,5,-40,42,12,32,37,30,37,56,65,60,64,67,62,68,59,75,80,79,6,15,3,111,112,154,131,154,156,169,151,176,162,231,229,222,172,289,228,286,278,277,277,478,489,480,486,475,477,29983,29984]} 1. d4 Nf6 2. c4 g6 3. g3 Bg7 4. Bg2 O-O 5. Nc3 d6 6. Nf3 Nc6 7. O-O a6 8. b3 Rb8 9. Nd5 Nh5 10. Bb2 e6 11. Nc3 {E63: King's Indian: Fianchetto: Panno Variation with 7...a6} (11. Ne3 f5 12. Rb1 Ne7 13. Qd2 b6 14. Nd1 h6 15. Nc3 Nf6 16. e3 b5 17. Ne1 g5 18. Nd3 Qe8 19. a4 {½-½ (51) Georgiev,K (2623)-Cheparinov,I (2675) Pleven 2015}) 11... f5 12. d5 Ne5 13. Nd4 {White is slightly better.} exd5 14. cxd5 {[#]} f4 $146 ({Predecessor:} 14... Qe7 15. e3 Rf7 16. Qd2 Nf6 17. Rac1 Bd7 18. Rc2 c5 19. dxc6 bxc6 {1-0 (63) Wojtkiewicz,A (2564)-Barcenilla,R (2502) Internet 2004}) 15. Qd2 Qe7 16. Rad1 Kh8 (16... Bh6 $1 $15 17. Qe1 Ng4) 17. Ne4 Bd7 (17... Bf5 $5) 18. Rc1 $36 {[%mdl 2048] White has the initiative.} Rbc8 19. Nf3 Bf5 20. Nxe5 Bxe5 21. Bxe5+ Qxe5 22. Ng5 Bg4 23. Nf3 Qg7 24. Rc4 Rce8 25. gxf4 (25. Rfc1 $16) 25... b5 $1 $11 {[%cal Rb5c4]} 26. Rd4 Qf6 (26... Rxe2 $11 {keeps the balance.} 27. Qxe2 Bxf3) 27. e3 $16 Ng7 28. Ng5 h6 29. Ne4 Qh4 30. Ng3 Nf5 {[#]} 31. Re4 $1 Bh3 (31... Rxe4 $142 32. Bxe4 (32. Nxe4 Bh3 $16) 32... Rf7) 32. Rxe8 Rxe8 33. Rc1 Bxg2 (33... Re7 $142 34. e4 Ng7) 34. Kxg2 Qg4 35. Rxc7 Nh4+ 36. Kf1 {[#] Intending Qc3+ and mate.} Qh3+ $2 (36... Kg8 {is a better defense.} 37. Qc1 Rf8) 37. Ke2 $18 {Qd4+ would kill now.} Qg4+ 38. Kd3 {Threatens to win with Qc3+.} Kg8 39. Kc2 Nf3 (39... Nf5 $18 40. Qc3 Qf3) 40. Qc3 {Accuracy: White = 68%, Black = 36%.} 1-0